Counselling and guidance in schools (Record no. 5826)
[ view plain ]
| 000 -LEADER | |
|---|---|
| fixed length control field | 00805nam a2200181 a 4500 |
| 020 ## - INTERNATIONAL STANDARD BOOK NUMBER | |
| ISBN | 9788189557744 |
| 050 00 - CALL NUMBER | |
| Classification number | LB1027 |
| Item number | .5 |
| 100 1# - AUTHOR | |
| Personal name | Rajan, M. K. S |
| 245 10 - TITLE | |
| Title | Counselling and guidance in schools |
| Statement of responsibility, etc | Rajan, M. K. S |
| 260 ## - PUBLICATION INFORMATION | |
| Place of publication | New Delhi: |
| Name of publisher | ArisePublishers & Distributors |
| Year of publication | 2007 |
| 300 ## - DESCRIPTION | |
| Number of Pages | 271 pages ; |
| Dimensions | 23 cm |
| 440 #0 - SERIES | |
| SERIES | Resource materials for teachers |
| 505 ## - FORMATTED CONTENTS NOTE | |
| Table of Content | 1. Study of behaviour counselees 1<br/>2. Resources of the school community 80<br/>3. Evaluation of the curriculum 97<br/>4. Study of the individual counselling 142<br/>5. Caring for youth's special needs 180<br/>6. The collection of data for counselling 221<br/>7. Proving for individual differences 244 |
| 650 #0 - SUBJECTS | |
| Topical Term | Educational counseling. |
| 700 1# - OTHER AUTHORS | |
| Personal name | Clark, Pam. |
| 700 1# - OTHER AUTHORS | |
| Personal name | Chisholm, Meryl. |
| 942 ## - ADDED ENTRY ELEMENTS (KOHA) | |
| Koha item type | Books |
| Withdrawn status | Lost status | Home library | Current library | Shelving location | Date acquired | Full call number | Accession Number | Koha item type | Collection code | Copy number |
|---|---|---|---|---|---|---|---|---|---|---|
| Methodist University Library Main | Methodist University Library Main | General Stacks | 25/02/2009 | LB1027 .5 | 23922 | Books | ||||
| Methodist University Library Main | Methodist University Library Main | General Stacks | 25/02/2009 | LB1027 .5 | 23252 | Books | ||||
| Methodist University Library Main | Methodist University Library Main | General Stacks | 25/02/2009 | LB1027 .5 | 23924 | Books | ||||
| Methodist University Library Main | Methodist University Library Main | General Stacks | 25/02/2009 | LB1027 .5 | 23923 | Books | Reference | |||
| Methodist University Library Main | Methodist University Library Main | General Stacks | 25/02/2009 | LB1027 .5 | 23747 | Books | Reference | |||
| Methodist University Library Tema | Methodist University Library Tema | Reference | 06/10/2022 | LB1027 .5 | 23746 | Books | 1 |